Estados de México Prueba por Primera Letra - Estadísticas

Estadísticas generales
  • Esta prueba ha sido intentada 305 veces
  • La puntuación promedio es 19 de 31
Respuestas en el mapa
Las respuestas están codificadas por una escala verde-roja en el mapa de la prueba según el % correcto abajo.
 
Estadísticas de respuestas
Estado % Correcto
Baja California
87%
Baja California Sur
87%
Campeche
80%
Chiapas
80%
Chihuahua
80%
Coahuila
80%
Colima
80%
Aguascalientes
72%
Durango
67%
San Luis Potosí
66%
Sinaloa
66%
Sonora
66%
México
62%
Michoacán
62%
Morelos
62%
Nayarit
60%
Nuevo León
60%
Tabasco
56%
Tamaulipas
56%
Tlaxcala
56%
Jalisco
55%
Guanajuato
53%
Guerrero
53%
Oaxaca
46%
Hidalgo
44%
Zacatecas
44%
Veracruz
43%
Querétaro
41%
Quintana Roo
41%
Yucatán
40%
Puebla
34%
No se encontraron pruebas coincidentes
Distribución de puntuación
Porcentaje de gente con cada puntuación
Porcentaje por número respondido
Historial de tus puntuaciones
No has intentado esta prueba.